<?xml version="1.0" encoding="UTF-8"?>
<collection xmlns="http://www.loc.gov/MARC21/slim">
 <record>
  <leader>00862cam a2200265 7i4500</leader>
  <controlfield tag="001">0000149702</controlfield>
  <controlfield tag="005">20200827090000.0</controlfield>
  <controlfield tag="006">##m   g# d#</controlfield>
  <controlfield tag="007">##co#ag#   uuuau</controlfield>
  <controlfield tag="008">2t20192019my #   gq# a###     eng##</controlfield>
  <datafield tag="020" ind1="#" ind2="#">
   <subfield code="a">9781911629320  </subfield>
  </datafield>
  <datafield tag="040" ind1="#" ind2="#">
   <subfield code="a">UMT</subfield>
  </datafield>
  <datafield tag="090" ind1="0" ind2="#">
   <subfield code="a">HF 5616 .M4 </subfield>
   <subfield code="b">I3 2019</subfield>
  </datafield>
  <datafield tag="110" ind1="0" ind2="#">
   <subfield code="a">IFRS Foundation</subfield>
  </datafield>
  <datafield tag="245" ind1="0" ind2="0">
   <subfield code="a">IASB exposure draft ED/2019/4 : </subfield>
   <subfield code="b">amendments to IFRS 17: Insurance contracts.</subfield>
  </datafield>
  <datafield tag="264" ind1="#" ind2="4">
   <subfield code="c">♭2019.</subfield>
  </datafield>
  <datafield tag="264" ind1="#" ind2="1">
   <subfield code="a">Kuala Lumpur, Malaysia: </subfield>
   <subfield code="b">IFRS Foundation, </subfield>
   <subfield code="c">2019.</subfield>
  </datafield>
  <datafield tag="300" ind1="#" ind2="#">
   <subfield code="a">1 computer disc ; </subfield>
   <subfield code="c">12 cm.</subfield>
  </datafield>
  <datafield tag="336" ind1="#" ind2="#">
   <subfield code="a">text</subfield>
   <subfield code="2">rdacontent</subfield>
  </datafield>
  <datafield tag="337" ind1="#" ind2="#">
   <subfield code="a">computer</subfield>
   <subfield code="2">rdamedia</subfield>
  </datafield>
  <datafield tag="338" ind1="#" ind2="#">
   <subfield code="a">computer disc</subfield>
   <subfield code="2">rdacarrier</subfield>
  </datafield>
  <datafield tag="347" ind1="#" ind2="#">
   <subfield code="a">text file </subfield>
   <subfield code="b">PDF </subfield>
   <subfield code="2">rda</subfield>
  </datafield>
  <datafield tag="500" ind1="#" ind2="#">
   <subfield code="a">Amendments to IFRS 17 :</subfield>
  </datafield>
  <datafield tag="650" ind1="#" ind2="0">
   <subfield code="a">Accounting  -- </subfield>
   <subfield code="x">Standards  -- </subfield>
   <subfield code="z">Malaysia </subfield>
  </datafield>
  <datafield tag="999" ind1=" " ind2=" ">
   <subfield code="a">1100107769</subfield>
   <subfield code="b">CD-ROM</subfield>
   <subfield code="c">Bahan Sumber Media</subfield>
   <subfield code="e">BILIK BAHAN SUMBER MEDIA</subfield>
  </datafield>
 </record>
</collection>
